000 00564nam a2200205Ia 4500
005 20250326140804.0
008 250326s9999 xx 000 0 und d
020 _a0-8442-2952-0
037 _aTextbook
040 _aFMSL
_beng
_cFMSL
041 _aeng
_2eng
084 _aX:513 P1
_qFMSL
100 _aBarnes B E
_9743054
245 0 _aStrategic brand communication campaigns
_cBarnes B E; Schultz D E
250 _a5
260 _aUSA
_bUSA, NTC Business Books
_c2001
300 _a378p
942 _cTB
_hX:513 P1
999 _c1287292
_d1287292